Comunicación : Estudios y Documentos : año 1, no. 4, junio de 1981 /

Сохранить в:
Библиографические подробности
Другие авторы: Gómez Maldonado, Jorge (dirección) (dirección)
Формат:
Язык:испанский
Опубликовано: Bogotá, Colombia : Asociación Católica Latinoamericana de Radio y Televisión, 1981
Метки: Добавить метку
Нет меток, Требуется 1-ая метка записи!

MARC

LEADER 00000nam^a2200000^a^4500
001 000596968
005 20250521000000.0
009 20260310133117.111
037 |a Acervo ITESO - Biblioteca 
041 |a ESP 
091 |a FCR. 02249 
240 1 1 |a [Comunicación: estudios y documentos] 
245 0 0 |a Comunicación :  |b Estudios y Documentos : año 1, no. 4, junio de 1981 / 
264 1 |a Bogotá, Colombia :  |b Asociación Católica Latinoamericana de Radio y Televisión,  |c 1981 
300 |a 40 p. 
336 |a texto  |b txt  |2 rdacontenido 
337 |a sin mediación  |b n  |2 rdamedio 
338 |a volumen  |b nc  |2 rdasoporte 
649 |a XX 
700 |a Gómez Maldonado, Jorge  |e (dirección) 
910 |a Fondo Cristina Romo Gil 
920 |a Impresos - Libros 
930 |a Fondos Especiales 
905 |a 143 
901 |a 596968-10  |b IT2  |c ESP  |i D122755  |u 20250521 
902 |a https://opac.biblio.iteso.mx/vufind/Record/000596968